مكتبة جامعة عجلون الوطنية

فهرس بحث المكتبة

Normal view MARC view
  • المشروعات الصغيرة-تنظيم

Entry Topical Term

Number of records used in: 1

001 - CONTROL NUMBER

  • control field: 62394

003 - CONTROL NUMBER IDENTIFIER

  • control field: JO-AjAnu

005 - DATE AND TIME OF LATEST TRANSACTION

  • control field: 20230606084206.0

008 - FIXED-LENGTH DATA ELEMENTS

  • fixed length control field: 230606|| aca||aabn | a|a d

040 ## - CATALOGING SOURCE

  • Original cataloging agency: JO-AjAnu
  • Transcribing agency: JO-AjAnu

150 ## - HEADING--TOPICAL TERM

  • Topical term or geographic name entry element: المشروعات الصغيرة-تنظيم

670 ## - SOURCE DATA FOUND

  • Source citation: Work cat.: (JO-AjAnu)31819: إعداد أبو رمان، رنا شكري عبد الحميد؛ إشراف محمود علي الروسان , author 62393, علاقة السمعة التنظيمية بالفاعلية التنظيميه للمشروعات الصناعية الصغيرة في محافظة عجلون=The Relationship Between Organizational Reputation and Organizational Effectiveness for Small Industrial Enterprises in Ajloun Governorate